Unity and nationalism in Europe since 1945 / (Record no. 24151)
[ view plain ]
| 000 -LEADER | |
|---|---|
| fixed length control field | 00862cam a2200289 4500 |
| 001 - CONTROL NUMBER | |
| control field | 24151 |
| 003 - CONTROL NUMBER IDENTIFIER | |
| rucl marc code | BD-RjUL |
| 005 - DATE AND TIME OF LATEST TRANSACTION | |
| control field | 20211209001021.0 |
| 008 - FIXED-LENGTH DATA ELEMENTS--GENERAL INFORMATION | |
| fixed length control field | 140312s1969 enk b 00100 eng |
| 020 ## - INTERNATIONAL STANDARD BOOK NUMBER | |
| Canceled/invalid ISBN | 080134394 |
| 035 ## - SYSTEM CONTROL NUMBER | |
| System control number | (BD-RjUL)24217 |
| System control number | 993077 |
| 040 ## - CATALOGING SOURCE | |
| Original cataloging agency | BD-RjUL |
| Language of cataloging | eng |
| Transcribing agency | BD-RjUL |
| 041 ## - LANGUAGE CODE | |
| Language code of text/sound track or separate title | eng |
| 082 00 - DEWEY DECIMAL CLASSIFICATION NUMBER | |
| Classification number | 320.94 |
| Author mark and year | KNU 1969 |
| 100 1# - MAIN ENTRY--PERSONAL NAME | |
| Personal name | Knapp, Wilfrid. |
| 9 (RLIN) | 74408 |
| 245 10 - TITLE STATEMENT | |
| Title | Unity and nationalism in Europe since 1945 / |
| Statement of responsibility, etc. | Wilfrid Knapp. |
| 250 ## - EDITION STATEMENT | |
| Edition statement | [1st ed.] |
| 260 ## - PUBLICATION, DISTRIBUTION, ETC. (IMPRINT) | |
| Place of publication, distribution, etc. | Oxford ; |
| -- | New York : |
| Name of publisher, distributor, etc. | Pergamon Press, |
| Date of publication, distribution, etc. | c1969. |
| 300 ## - PHYSICAL DESCRIPTION | |
| Pagination | viii, 146 p. ; |
| Size | 20 cm. |
| 490 0# - SERIES STATEMENT | |
| Series statement | The Commonwealth and international library. History division |
| 504 ## - BIBLIOGRAPHY, ETC. NOTE | |
| Bibliography, etc | Includes bibliographical references. |
| 650 #0 - SUBJECT ADDED ENTRY--TOPICAL TERM | |
| Topical term or geographic name as entry element | European federation. |
| 9 (RLIN) | 612 |
| Topical term or geographic name as entry element | Nationalism |
| Geographic subdivision | Europe. |
| 9 (RLIN) | 12314 |
| 942 ## - ADDED ENTRY ELEMENTS (KOHA) | |
| Source of classification or shelving scheme | Dewey Decimal Classification |
| Koha item type | Books |
| Lost status | Source of classification or shelving scheme | Damaged status | Not for loan | Permanent Location | Current Location | Shelving location | Date acquired | Source of acquisition | Cost, normal purchase price | Total Checkouts | Full call number | Date last seen | Copy number | Koha item type |
|---|---|---|---|---|---|---|---|---|---|---|---|---|---|---|
| Dewey Decimal Classification | Added to bundle | Central Library, University of Rajshahi | Central Library, University of Rajshahi | Reading Room | 02/08/1972 | Book Centre | 17.60 | 320.94 KNU 1969 | 12/03/2014 | C-1 | Books | |||
| Dewey Decimal Classification | Central Library, University of Rajshahi | Central Library, University of Rajshahi | 02/08/1972 | Book Centre | 17.60 | 320.94 KNU 1969 | 12/03/2014 | C-2 | Books |